<?xml version="1.0" encoding="UTF-8"?>
<record
    xmlns:xsi="http://www.w3.org/2001/XMLSchema-instance"
    xsi:schemaLocation="http://www.loc.gov/MARC21/slim http://www.loc.gov/standards/marcxml/schema/MARC21slim.xsd"
    xmlns="http://www.loc.gov/MARC21/slim">

  <leader>01513nam a22003377a 4500</leader>
  <controlfield tag="001">277</controlfield>
  <controlfield tag="003">OSt</controlfield>
  <controlfield tag="005">20250528074016.0</controlfield>
  <controlfield tag="008">250314b        |||||||e |||| 00| f eng d</controlfield>
  <datafield tag="040" ind1=" " ind2=" ">
    <subfield code="b">por</subfield>
  </datafield>
  <datafield tag="041" ind1=" " ind2=" ">
    <subfield code="h">ger</subfield>
    <subfield code="a">por</subfield>
  </datafield>
  <datafield tag="082" ind1=" " ind2=" ">
    <subfield code="a">833</subfield>
    <subfield code="b">G611s</subfield>
  </datafield>
  <datafield tag="100" ind1=" " ind2=" ">
    <subfield code="a">Goethe, Johann Wolfgang von</subfield>
    <subfield code="d">1749- 1832</subfield>
  </datafield>
  <datafield tag="240" ind1=" " ind2=" ">
    <subfield code="a">Die Leiden des jungen Werthers</subfield>
  </datafield>
  <datafield tag="245" ind1=" " ind2=" ">
    <subfield code="a">Os Sofrimentos do Jovem</subfield>
    <subfield code="b">Werther / </subfield>
    <subfield code="c">Goethe, Johann Wolfgang von ; Tradu&#xE7;&#xE3;o de Gale&#xE3;o Coutinho</subfield>
  </datafield>
  <datafield tag="250" ind1=" " ind2=" ">
    <subfield code="a">2</subfield>
  </datafield>
  <datafield tag="260" ind1=" " ind2=" ">
    <subfield code="a">S&#xE3;o Paulo</subfield>
    <subfield code="b">Abril</subfield>
    <subfield code="c">1971</subfield>
  </datafield>
  <datafield tag="300" ind1=" " ind2=" ">
    <subfield code="a">162 p.</subfield>
  </datafield>
  <datafield tag="490" ind1="1" ind2=" ">
    <subfield code="a">Os Imortais da Literatura Universal</subfield>
  </datafield>
  <datafield tag="520" ind1=" " ind2=" ">
    <subfield code="a">Adapta&#xE7;&#xE3;o em portugu&#xEA;s do cl&#xE1;ssico da literatura alem&#xE3;, com linguagem acess&#xED;vel para o p&#xFA;blico jovem. O jovem Werther muda-se para uma regi&#xE3;o campestre, onde conhece a jovem Charlotte, noiva de Albert, e por ela se v&#xEA; perdidamente apaixonado. Tentando escapar ao fasc&#xED;nio que Charlotte exerce sobre ele, Werther muda de cidade, trabalhando como procurador. No entanto, ele acaba indispondo-se com seu chefe, um velho embaixador, e volta, ent&#xE3;o, para o campo. A paix&#xE3;o por Charlotte progride e termina de modo tr&#xE1;gico.
</subfield>
  </datafield>
  <datafield tag="650" ind1=" " ind2="0">
    <subfield code="a">Literatura Alem&#xE3;</subfield>
    <subfield code="9">365</subfield>
  </datafield>
  <datafield tag="650" ind1=" " ind2="0">
    <subfield code="a">Hist&#xF3;rico</subfield>
    <subfield code="9">53</subfield>
  </datafield>
  <datafield tag="650" ind1=" " ind2="0">
    <subfield code="a">Cl&#xE1;ssicos</subfield>
    <subfield code="9">77</subfield>
  </datafield>
  <datafield tag="650" ind1=" " ind2="0">
    <subfield code="a">Psicol&#xF3;gico</subfield>
    <subfield code="9">85</subfield>
  </datafield>
  <datafield tag="650" ind1=" " ind2="0">
    <subfield code="a">Trag&#xE9;dia </subfield>
    <subfield code="9">511</subfield>
  </datafield>
  <datafield tag="655" ind1=" " ind2="0">
    <subfield code="a">Romance</subfield>
    <subfield code="9">23</subfield>
  </datafield>
  <datafield tag="655" ind1=" " ind2="0">
    <subfield code="a">Fic&#xE7;&#xE3;o </subfield>
    <subfield code="9">22</subfield>
  </datafield>
  <datafield tag="700" ind1="1" ind2=" ">
    <subfield code="a">Coutinho, Gale&#xE3;o,</subfield>
    <subfield code="d">1897-1951</subfield>
    <subfield code="e">TRADUTOR</subfield>
    <subfield code="9">513</subfield>
  </datafield>
  <datafield tag="830" ind1=" " ind2=" ">
    <subfield code="a">Os Imortais da Literatura Universal</subfield>
    <subfield code="9">461</subfield>
    <subfield code="v">vol. 08</subfield>
  </datafield>
  <datafield tag="942" ind1=" " ind2=" ">
    <subfield code="2">ddc</subfield>
    <subfield code="n">0</subfield>
    <subfield code="c">BK</subfield>
  </datafield>
  <datafield tag="952" ind1=" " ind2=" ">
    <subfield code="0">0</subfield>
    <subfield code="1">0</subfield>
    <subfield code="2">ddc</subfield>
    <subfield code="4">0</subfield>
    <subfield code="7">0</subfield>
    <subfield code="8">FIC</subfield>
    <subfield code="a">BIBIB</subfield>
    <subfield code="b">BIBIB</subfield>
    <subfield code="c">LE</subfield>
    <subfield code="d">2025-03-14</subfield>
    <subfield code="l">0</subfield>
    <subfield code="o">833 / G611s</subfield>
    <subfield code="p">2025-17232</subfield>
    <subfield code="r">2025-03-14 12:06:00</subfield>
    <subfield code="w">2025-03-14</subfield>
    <subfield code="y">BK</subfield>
  </datafield>
  <datafield tag="952" ind1=" " ind2=" ">
    <subfield code="0">0</subfield>
    <subfield code="1">0</subfield>
    <subfield code="2">ddc</subfield>
    <subfield code="4">0</subfield>
    <subfield code="7">0</subfield>
    <subfield code="8">FIC</subfield>
    <subfield code="a">BIBIB</subfield>
    <subfield code="b">BIBIB</subfield>
    <subfield code="c">LE</subfield>
    <subfield code="d">2025-03-14</subfield>
    <subfield code="e">doa&#xE7;&#xE3;o</subfield>
    <subfield code="l">0</subfield>
    <subfield code="o">833 / G611s</subfield>
    <subfield code="p">2025-17233</subfield>
    <subfield code="r">2025-03-14 08:06:15</subfield>
    <subfield code="w">2025-03-14</subfield>
    <subfield code="y">BK</subfield>
  </datafield>
  <datafield tag="999" ind1=" " ind2=" ">
    <subfield code="c">277</subfield>
    <subfield code="d">277</subfield>
  </datafield>
</record>
